000 00686nam a2200217Ii 4500
001 23028
003 CO-ViMGA
008 241108s9999||||xx |||||||||||||| ||und||
020 _a9789585357587
040 _aCO-ViMGA
_bspa
_erda
_cCO-ViMGA
041 0 _aspa
084 _aNG ROU1c
100 1 _aRoux Rengifo, Francisco de,
_d1944-
_951903
245 1 0 _aUn camino hacia la verdad
264 1 _aBogotá, Colombia : Comisión de la Verdad : PNUD : Taller Creativo de Aleida Sánchez B., 2021
300 _avolumen
336 _atext
_btxt
_2rdacontent
337 _aunmediated
_bn
_2rdamedia
338 _avolume
_bnc
_2rdacarrier
940 _aidficha_siabuc: 21940. -- ficha_no_siabuc:23028
999 _c46666
_d46666